000 00618nam a2200181Ia 4500
008 151202s9999||||xx |||||||||||||| ||und||
082 _bPNVM-66214
100 _aचांदोरकर स्वाती.
245 _aकाळाकभिन्न.
260 _b"मेहता पब्लिशिंग हाऊस, पुणे."
260 _c2008
300 _a162
600 _aचांदोरकर स्वाती.
630 _aकाळाकभिन्न.
700 _aचांदोरकर स्वाती.
730 _aकाळाकभिन्न.
942 _cBOOK
999 _c1332746
_d1332743